Rusko-slovenský pôdohospodársky slovník /

Gespeichert in:
Bibliographische Detailangaben
Weitere Verfasser: Soták, Michal (Zusammenstellung)
Format: Buch
Sprache:Slowakisch
Russisch
Veröffentlicht: Bratislava: Príroda, 1980
Ausgabe:1. vyd.
Schriftenreihe:Edícia slovníky a encyklopédie
Tags: Tag hinzufügen
Keine Tags, Fügen Sie das erste Tag hinzu!

MARC

LEADER 00000nam a22000003a 4500
001 0024878
003 SK-STU
005 20170628143304.9
007 ta
008 170628s ----xo-----e------000-0-----d
040 |a STU  |b slo 
041 0 |a slo  |a rus  |h slo 
044 |a xo 
100 1 |a Soták, Michal  |4 com  |r Z6 
245 1 0 |a Rusko-slovenský pôdohospodársky slovník /  |c zost. Michal Soták 
250 |a 1. vyd. 
260 |a Bratislava:  |b Príroda,  |c 1980 
300 |a 1141 s. 
490 0 |a Edícia slovníky a encyklopédie 
996 |b 284V040667  |c V* 52667/O-23824  |l VVT  |s A  |a 24  |w 0024878_0001